000 01438nam a22003257a 4500
005 20240530110409.0
008 150210s2010 ua bo a 001 0 ara d
017 _a2007/19316
_bمصر . دار الكتب المصرية
020 _a9771441175
040 _aEG-CaGPL
041 1 _aara
_heng
082 0 4 _221
_a903
_bط/ن ن
100 1 _aجروبر ، بيث
245 1 0 _aتاريخ الانكا القديمة :
_bعلم الاثار يكشف اسرار ماضى الانكا /
_cتاليف بيث جروبر ؛ استشارى يوهان راينهارد ؛ ترجمة ابراهيم محمد ابراهيم ؛ اشراف عام ابراهيم محمد ابراهيم
250 _aط2
260 _aالقاهرة :
_bنهضة مصر للطباعة و النشر و التوزيع ،
_c2010
300 _a62 ص :
_bايض ؛
_c24 سم
490 _aناشيونال جيوجرافيك تبحث فى
650 0 4 _aبيرو
_xتاريخ
650 0 4 _aالاثار
_xالتنقيب عن
650 0 4 _aالسلالات البشرية
650 0 4 _aالعمارة القديمة
650 0 4 _aالاجناس
_xعلم
650 0 4 _aالانكا
_xتاريخ
700 1 _aراينهارد ، يوهان
_eاستشارى
700 0 _aابراهيم محمد ابراهيم
_eمترجم
700 0 _aابراهيم محمد ابراهيم
_eاشراف
942 _2ddc
_cBK
999 _c60424
_d60424